The Hunger Games Districts Quiz Stats

 Plays Quiz Updated Feb 27, 2014

Challenge
Share
Tweet
Embed
Score 0/13 Timer 04:00
6 Plays Today
District Industry % Correct
TwelveCoal
97.5%
FourFishing
79.3%
ElevenAgriculture
77.2%
TwoMasonry, Weapons, Peacekeepers
69.6%
ThirteenNuclear Development, Graphite Mining
66.9%
ThreeElectronics
63%
SevenLumber
61.8%
EightTextiles
54.4%
OneLuxury Items
48.7%
FivePower
37.9%
TenLivestock
31.7%
NineGrain
31.1%
SixTransportation
27.1%

You're not logged in!

Compare scores with friends on all Sporcle quizzes.
Join for Free
OR
Log In

You Might Also Like...

Show Comments

Extras

Top Quizzes Today


Score Distribution

Your Account Isn't Verified!

In order to create a playlist on Sporcle, you need to verify the email address you used during registration. Go to your Sporcle Settings to finish the process.

Report this User

Report this user for behavior that violates our Community Guidelines.

Details: